Statistics for Moulin Rouge: Elephant Love Medley - All lyrics

Click here to take the quiz!

General Stats

  • This quiz has been taken 214 times
  • The average score is 268 of 307

Answer Stats

Answer% Correct
SatineA
100%
a
100%
ChristianI
100%
I,
100%
is
97%
Christian | SatineLove
97%
love!
97%
love
97%
love,
97%
SatineYou
97%
you
97%
SatineYou,
97%
All
96%
all
96%
on
95%
the
95%
SatineThe
95%
to
95%
be
94%
ChristianJust
94%
just
94%
me
94%
for
93%
need
93%
we
93%
Both | Christian | SatineWe
93%
do
92%
can't
91%
ChristianIn
91%
in
91%
ChristianNo
91%
no
91%
one
91%
up
90%
way
90%
SatineAnd
89%
and
89%
day
89%
night
89%
night,
89%
of
89%
us
89%
where
89%
Where
89%
your
89%
fool,
88%
go
88%
that?
88%
that
88%
belong
87%
Don't
87%
ChristianDon't,
87%
don't
87%
give
87%
pay
87%
so,
87%
won't
87%
won't!
87%
could
86%
crazy
86%
heroes
86%
loving
86%
name
86%
baby,
85%
were
85%
baby
84%
'Cause
84%
'cause
84%
fee
84%
game
84%
heroes!
84%
heroes,
84%
it
84%
lifts
84%
made
84%
SatineThere's
84%
thing
84%
this
84%
was
84%
will
84%
with
84%
lovers,
83%
lovers
83%
only
83%
always
82%
drink
82%
eagles
82%
fly,
82%
leave
82%
time
82%
world
82%
are
81%
ever
80%
fact
79%
fools
79%
has
79%
high
79%
know
79%
like
79%
lovely
79%
many
79%
mean
79%
oh
79%
our
79%
should
79%
songs
79%
survive
79%
without
79%
end
78%
girl
78%
happy
78%
I'll
78%
mountain
78%
street!
78%
sweet
78%
that's
78%
again!
77%
again
77%
away
77%
forever
77%
got
77%
have
77%
keep
77%
makes
77%
SatinePlease,
77%
silly
77%
think
77%
what's
77%
would
77%
here
76%
nothing,
76%
enough
75%
I'd
75%
people
75%
SatineSome
75%
Throw
75%
wrong
75%
eat
74%
isn't
74%
lives
74%
look
74%
see
74%
SatineShe'll
74%
together
74%
want
74%
act
73%
SatineHow
73%
around
72%
had
72%
start
72%
wonderful
72%
you're
72%
because
71%
ChristianWell
71%
SatineYou'd
71%
fill
70%
life
70%
BothNow
66%
steal
65%
SatineThough
63%
help
62%
splendored
57%

Score Distribution

Percentile by Number Answered

Percent of People with Each Score

Your Score History

You have not taken this quiz